Estadísticas para Banderas de Países #2

Haz click aquí para tomar la prueba!

Estadísticas generales

  • Esta prueba ha sido tomada 19.136 veces
  • La puntuación promedio es 16 de 20

Estadísticas de respuestas

Respuesta% Correcto
España
100%
Argentina
99%
Alemania
98%
Suiza
93%
Corea del Sur
92%
Uruguay
90%
Chile
90%
Turquía
87%
India
85%
Finlandia
84%
Arabia Saudita
81%
Dinamarca
80%
Chipre
77%
Ucrania
77%
Austria
74%
Islandia
73%
Vietnam
67%
Tailandia
63%
Camboya
55%
Taiwán
53%

Distribución de puntuación

Porcentaje por número respondido

Porcentaje de gente con cada puntuación

Historial de tus puntuaciones

No has tomado esta prueba